00281pam a2200121 a 4500020000500000041000500005082001600010100001600026245007000042250001400112260002400126300000900150 c h a617.96bPOW aIan Power . aPrinciples of Physiology For The Anaesthetist hTextual Documents a2nd ed. . bHodder Arnoldc2008 a472.